| 000 | 00344nam a2200145Ia 4500 | ||
|---|---|---|---|
| 100 | _aRCA solid state | ||
| 250 | _a6 | ||
| 942 | _cBK | ||
| 654 | _aintegrated | ||
| 245 | _aIntegrated circuits for linear application : databook | ||
| 260 |
_bRCA solid state _aLondon _c1986 |
||
| 082 |
_a621.38173 _bRCA |
||
| 300 | _a1114 | ||
| 546 | _aENGLISH | ||
| 999 |
_c25468 _d25468 |
||